| 000 | 01163cam a2200229 4500 | ||
|---|---|---|---|
| 001 | ##E134958 | ||
| 008 | 060913n2006 000 0 eng u | ||
| 020 | _a0755961471 | ||
| 035 | _a(Sirsi) u134958 | ||
| 041 | 0 | _aeng | |
| 050 | 0 | 4 | _a711.1 $2 18 |
| 110 | 2 |
_aScotland _bScottish Executive Development Department |
|
| 245 | 0 | 0 |
_aNeighbour notification _breport on the working group |
| 260 |
_aEdinburgh _bScottish Executive Development Department _c2006 |
||
| 300 |
_a23p. _c30 cm. |
||
| 520 | _aReport on the conclusions and recommendations of the Neighbour Notification Working Group which was set up in July 2004 to discuss the issues involved in relation to implementation of the new neighbourhood notification system. Will assist in preparation of secondary legislation, guidance and advice in the way neighbourhood notification is carried out. | ||
| 590 | _aIKA190906 | ||
| 651 | 4 |
_aScotland _y1999- |
|
| 690 | _aENVIRONMENTAL AND LAND CONSULTANCY-PLANNING AND DEVELOPMENT-DEVELOPMENT CONTROL-PLANNING ENFORCEMENT | ||
| 856 | 4 | 0 |
_uhttps://www.scotland.gov.uk/Publications/2006/07/03163235/0 _zView the report at www.scotland.gov.uk... |
| 942 | _n0 | ||
| 999 |
_c105863 _d105863 |
||